000 00969nam a2200253Ia 4500
003 OSt
005 20220923220327.0
006 a|||||r|||| 00| 0
007 ta
008 220922b |||||||| |||| 00| 0 hin d
024 _a185,973
037 _cTextual
040 _aARTS
_cARTS
_bhin
041 _2hin
_ahin
082 _aY73(Q2):1'N7, 152L0
100 _aकालेलकर, बालकृष्ण; कालेलकर, काका
_9160326
245 0 _aयुगानुकूल हिन्दू जीवन दृष्टि
246 _aYugānukūl hindū jīvan dṛuṣhṭi
260 _c1970
490 _aज्ञानपीठ लोकोदय ग्रंथमाला; 305
650 _aभारतीय-लोक साहित्य
942 _hY73(Q2):1'N7, 152L0
_cTEXL
_2CC
999 _c339218
_d339218